000 00516nam a2200181Ia 4500
008 151202s9999||||xx |||||||||||||| ||und||
082 _bPNVM-37724
100 _a---
245 _aINCOM TAX GUIDENICE & MINI READY RECKONER (1989-1990).
260 _bNABHI S PUBLIC NEW DELHI.
260 _c1989
300 _a254
600 _a---
630 _aINCOM TAX GUIDENICE & MINI READY RECKONER (1989-1990).
700 _a---
730 _aINCOM TAX GUIDENICE & MINI READY RECKONER (1989-1990).
942 _cBOOK
999 _c1303676
_d1303673